| 000 | 00894nam a2200277 i 4500 | ||
|---|---|---|---|
| 001 | 000047783 | ||
| 003 | DO-SdBNP | ||
| 005 | 20241011104315.0 | ||
| 007 | ta | ||
| 008 | 240310s2018 dr a r 000 0 spa d | ||
| 040 |
_aDO-SdBNP _bspa _cBNPHU _erda |
||
| 082 | 4 |
_aRD863.44 _bR175m, 2018 _222 |
|
| 100 | 1 |
_aRamos, Víctor Manuel, _d1974- _eautor _4aut. _986670 |
|
| 245 | 1 | 0 |
_aMorirsoñando : _bcuentos agridulces, 1998-2008 / _cVíctor Manuel Ramos |
| 250 | _aSegunda edición | ||
| 264 | 4 |
_aSanto Domingo : _bEditora no identificada, _c2018. |
|
| 300 |
_a161 páginas ; _c21 cm. |
||
| 336 |
_atexto _btxt _2rdacontent |
||
| 337 |
_asin mediación _bn _2rdamedia |
||
| 338 |
_avolumen _bnc _2rdacarrier |
||
| 590 | _aInventariado, 2023 / DG | ||
| 650 | 4 |
_aCuentos dominicanos _914827 |
|
| 650 | 4 | _aLiteratura dominicana | |
| 910 | _aDG/Validado. Control de calidad MFF | ||
| 942 |
_2ddc _cLBS1 |
||
| 999 |
_c57752 _d57752 |
||